[Event "M.Chigorin Memorial 2017 "]
[Site "?????-?????????"]
[Date "2017.10.25"]
[Round "5"]
[Board "32"]
[White "Pogorelskikh, Sergey"]
[Black "Ofitserian, Boris"]
[Result "0-1"]
[WhiteElo "2225"]
[BlackElo "2402"]
[PlyCount "75"]
[EventDate "2017.10.21"]
[EventRounds "9"]
[EventCountry "RUS"]

1. e4 c5 2. Nf3 d6 3. d4 cxd4 4. Nxd4 Nf6 5. Nc3 a6 6. Bg5 Nbd7 7. f4 Qc7 8.
Qf3 h6 9. Bxf6 Nxf6 10. f5 Qc5 11. O-O-O g5 12. fxg6 Bg4 13. gxf7+ Kxf7 14. Qd3
Bxd1 15. Nxd1 Bg7 16. g3 Nxe4 17. Qxe4 Bxd4 18. Bh3 Bf6 19. Rf1 Qe5 20. Qd3 Kg7
21. Rf5 Qd4 22. Qe2 Rhf8 23. c3 Qg1 24. Kc2 Bg5 25. Rxg5+ hxg5 26. Qxe7+ Kh8
27. Qe6 Qxh2+ 28. Kb3 Kg7 29. Qe7+ Kg6 30. Qe6+ Rf6 31. Bf5+ Kg7 32. Qe7+ Rf7
33. Qxg5+ Kh8 34. Ne3 Raf8 35. Qf4 Rg7 36. Qxd6 Re8 37. Qf6 Qh5 38. g4 {
unreadable}  0-1

[Event "M.Chigorin Memorial 2017 "]
[Site "?????-?????????"]
[Date "2017.10.25"]
[Round "5"]
[Board "33"]
[White "Erenberg, Ariel"]
[Black "Mkrtchyan, Sargis R."]
[Result "0-1"]
[WhiteElo "2401"]
[BlackElo "2145"]
[PlyCount "90"]
[EventDate "2017.10.21"]
[EventRounds "9"]
[EventCountry "RUS"]

1. d4 Nf6 2. c4 g6 3. Nc3 Bg7 4. e4 d6 5. f3 O-O 6. Be3 c5 7. Nge2 Nc6 8. d5
Ne5 9. Ng3 e6 10. Be2 exd5 11. cxd5 a6 12. a4 Bd7 13. O-O b5 14. h3 Nc4 15.
Bxc4 bxc4 16. f4 Re8 17. Qd2 h5 18. e5 dxe5 19. f5 h4 20. fxg6 fxg6 21. Nge4
Nxe4 22. Nxe4 Bf5 23. Nxc5 e4 24. d6 Kh7 25. Qd5 Re5 26. Qxc4 Qxd6 27. Rad1 Qe7
28. b4 a5 29. b5 Rc8 30. Rc1 Rexc5 31. Bxc5 Rxc5 32. Qxc5 Qxc5+ 33. Rxc5 Bd4+
34. Kh2 Bxc5 35. g4 hxg3+ 36. Kxg3 e3 37. Kf3 Bd3 38. Re1 e2 39. Rxe2 Bxe2+ 40.
Kxe2 Kh6 41. Kd3 Kg5 42. Kc4 Be3 43. Kd5 Kh4 44. Ke4 Ba7 45. Ke5 g5  0-1

[Event "M.Chigorin Memorial 2017 "]
[Site "?????-?????????"]
[Date "2017.10.25"]
[Round "5"]
[Board "34"]
[White "Stukan, Martin"]
[Black "Vokhidov, Shamsiddin"]
[Result "0-1"]
[WhiteElo "2215"]
[BlackElo "2399"]
[PlyCount "74"]
[EventDate "2017.10.21"]
[EventRounds "9"]
[EventCountry "RUS"]

1. e4 c5 2. Nf3 d6 3. d4 cxd4 4. Nxd4 Nf6 5. Nc3 Bd7 6. Bg5 e6 7. Qd2 a6 8. f4
h6 9. Bxf6 Qxf6 10. O-O-O Nc6 11. Nf3 Qd8 12. e5 dxe5 13. fxe5 Bb4 14. a3 Ba5
15. Qd3 Bc7 16. Ne4 Nxe5 17. Qc3 Qb8 18. Nc5 Bc6 19. Nd4 Bd5 20. Nf5 g6 21. Ne3
Bc6 22. Ng4 Nxg4 23. Qxh8+ Ke7 24. Qd4 Bf4+ 25. Kb1 Qe5 26. Qxe5 Bxe5 27. Nd3
Bc7 28. h4 Ne3 29. Rd2 Rd8 30. Kc1 Nf5 31. c4 Rd4 32. b3 Ng3 33. Rg1 Ba5 34.
Rd1 Rxh4 35. c5 Bc3 36. Nb4 Bxb4 37. axb4 Nxf1  0-1

[Event "M.Chigorin Memorial 2017 "]
[Site "?????-?????????"]
[Date "2017.10.25"]
[Round "5"]
[Board "35"]
[White "Meribanov, Vitaly"]
[Black "Eryshkanova, Anastasiya"]
[Result "1-0"]
[WhiteElo "2386"]
[BlackElo "2127"]
[PlyCount "83"]
[EventDate "2017.10.21"]
[EventRounds "9"]
[EventCountry "RUS"]

1. e4 c5 2. Nf3 d6 3. d4 cxd4 4. Nxd4 Nf6 5. Nc3 a6 6. Be2 e5 7. Nb3 Be7 8. O-O
O-O 9. Re1 Qc7 10. a4 Be6 11. Bf3 b6 12. Be3 Rc8 13. h3 Bf8 14. Qd2 h6 15. Nc1
Nc6 16. N1e2 Ne7 17. g4 Rab8 18. Ng3 Qc6 19. Red1 b5 20. axb5 axb5 21. Rac1 Ne8
22. Bg2 Qb7 23. Nf5 Nc6 24. Ra1 Ra8 25. Bf1 Bc4 26. Nd5 Rxa1 27. Rxa1 Ra8 28.
Rxa8 Qxa8 29. Nb6 Qa1 30. Nxc4 bxc4 31. Qc3 g6 32. Nxh6+ Bxh6 33. Bxh6 Nd4 34.
Kg2 Kh7 35. Be3 Qa8 36. Bxd4 Qxe4+ 37. Qf3 Qxd4 38. Qxf7+ Ng7 39. Bxc4 Qe4+ 40.
Kg3 Kh6 41. Bd3 Nf5+ 42. Qxf5  1-0

[Event "M.Chigorin Memorial 2017 "]
[Site "?????-?????????"]
[Date "2017.10.25"]
[Round "5"]
[Board "36"]
[White "Ivanov, Platon-Jaan"]
[Black "Vastrukhin, Oleg"]
[Result "1/2-1/2"]
[WhiteElo "2134"]
[BlackElo "2386"]
[PlyCount "115"]
[EventDate "2017.10.21"]
[EventRounds "9"]
[EventCountry "RUS"]

1. d4 g6 2. c4 Bg7 3. Nc3 c5 4. d5 Bxc3+ 5. bxc3 f5 6. e4 fxe4 7. f3 e3 8. Bxe3
Qa5 9. Qc2 d6 10. Bd3 Nd7 11. f4 Ngf6 12. Nf3 Nb6 13. O-O Qa4 14. Qe2 Bf5 15.
Nd2 O-O-O 16. Bf2 Rde8 17. Bh4 Rhf8 18. Bxf5+ gxf5 19. Rfe1 Kb8 20. Qd3 Qd7 21.
Re6 Nh5 22. Qe3 Ng7 23. Rxe7 Rxe7 24. Qxe7 Re8 25. Qxd7 Nxd7 26. Kf2 Kc7 27.
Re1 Rxe1 28. Kxe1 Nb6 29. Ke2 Kd7 30. Kf3 Na4 31. g4 fxg4+ 32. Kxg4 h5+ 33. Kg5
Nxc3 34. f5 Nxf5 35. Kxf5 Nxa2 36. Bf6 Nb4 37. Kg5 b5 38. Bc3 Nc2 39. cxb5 Ne3
40. Ne4 Nxd5 41. Nf6+ Ke6 42. Nxd5 Kxd5 43. Kxh5 Ke4 44. Kg6 d5 45. h4 d4 46.
Ba5 c4 47. h5 c3 48. h6 Kd3 49. h7 c2 50. h8=Q c1=Q 51. Qh3+ Qe3 52. Qxe3+ dxe3
53. Kf5 e2 54. Ke5 Kc4 55. Ke4 Kxb5 56. Be1 a5 57. Kd3 a4 58. Kxe2  1/2-1/2

[Event "M.Chigorin Memorial 2017 "]
[Site "?????-?????????"]
[Date "2017.10.25"]
[Round "5"]
[Board "37"]
[White "Shirshov, Nikolay"]
[Black "Litvinov, Maxim"]
[Result "0-1"]
[WhiteElo "2134"]
[BlackElo "2373"]
[PlyCount "90"]
[EventDate "2017.10.21"]
[EventRounds "9"]
[EventCountry "RUS"]

1. Nf3 Nf6 2. c4 d6 3. d4 Nbd7 4. Nc3 g6 5. e4 e5 6. d5 Bg7 7. h3 O-O 8. g4 c6
9. Be3 Nc5 10. Nd2 a5 11. Be2 Ne8 12. Nb3 Na6 13. Rg1 f5 14. gxf5 gxf5 15. exf5
Bxf5 16. Bg4 Bg6 17. Be6+ Kh8 18. Rxg6 hxg6 19. Qg4 Nf6 20. Qxg6 Qe8 21. Qg3
Nc7 22. Bf5 cxd5 23. cxd5 Kg8 24. O-O-O Qe7 25. Rg1 Rf7 26. Qg6 Kf8 27. Bg5 Qe8
28. Bxf6 Bxf6 29. Ne4 Ke7 30. Nbd2 Nxd5 31. Bg4 Nf4 32. Qf5 Qc8+ 33. Qxc8 Rxc8+
34. Bxc8 Ne2+ 35. Kd1 Nxg1 36. Bxb7 Nxh3 37. Nc4 Bh4 38. Nexd6 Nxf2+ 39. Kc2
Rf4 40. b3 Bf6 41. a4 e4 42. Nb5 Nd3 43. Nxa5 Rf2+ 44. Kd1 e3 45. Nc6+ Kf8  0-1

[Event "M.Chigorin Memorial 2017 "]
[Site "?????-?????????"]
[Date "2017.10.25"]
[Round "5"]
[Board "38"]
[White "Davtyan, Artur"]
[Black "Kokarev, Dmitry"]
[Result "0-1"]
[WhiteElo "2318"]
[BlackElo "2622"]
[PlyCount "118"]
[EventDate "2017.10.21"]
[EventRounds "9"]
[EventCountry "RUS"]

1. d4 g6 2. Nf3 Bg7 3. c4 c5 4. dxc5 Na6 5. Nc3 Nxc5 6. Be3 Bxc3+ 7. bxc3 d6 8.
Bxc5 dxc5 9. Qxd8+ Kxd8 10. e4 Kc7 11. Be2 Nh6 12. Nd2 b6 13. Nf1 Bb7 14. f3
Rad8 15. Ne3 f5 16. Nd5+ Kb8 17. O-O-O Rhf8 18. e5 f4 19. g4 Nf7 20. Nxf4 Rxd1+
21. Rxd1 Nxe5 22. Ne6 Re8 23. f4 Nf7 24. f5 Bc8 25. fxg6 hxg6 26. Nf4 g5 27.
Nh5 Kc7 28. h3 Nd6 29. Rd5 Nf7 30. Rd3 Nd6 31. Re3 Kd8 32. Re5 Rg8 33. Bd3 Bb7
34. Bh7 Nxc4 35. Rxc5 bxc5 36. Bxg8 Ne5 37. Ng7 Nd3+ 38. Kc2 Nf4 39. Kb3 Kc7
40. Nf5 e6 41. Ne3 Kd6 42. Bh7 Bd5+ 43. c4 Bc6 44. Kc3 Nxh3 45. Bd3 Ke5 46. Be2
Kf4 47. Nc2 Nf2 48. Na1 Ke3 49. Bf1 Ba4 50. Kb2 Nxg4 51. Bh3 Nf2 52. Bxe6 g4
53. Bxg4 Nxg4 54. Ka3 Bd1 55. Nb3 Bxb3 56. axb3 Kd4 57. Ka4 Ne5 58. Kb5 Nxc4
59. bxc4 a6+  0-1

[Event "M.Chigorin Memorial 2017 "]
[Site "?????-?????????"]
[Date "2017.10.25"]
[Round "5"]
[Board "39"]
[White "Xu, Minghui"]
[Black "Predke, Alexandr"]
[Result "0-1"]
[WhiteElo "2318"]
[BlackElo "2601"]
[PlyCount "56"]
[EventDate "2017.10.21"]
[EventRounds "9"]
[EventCountry "RUS"]

1. d4 Nf6 2. c4 e6 3. Nf3 b6 4. Nc3 Bb4 5. e3 Bb7 6. Bd3 Ne4 7. Qc2 f5 8. O-O
Bxc3 9. bxc3 O-O 10. Nd2 Qh4 11. f3 Nxd2 12. Bxd2 d6 13. a4 a5 14. c5 bxc5 15.
dxc5 Nd7 16. cxd6 cxd6 17. Bb5 Ne5 18. c4 Qg5 19. e4 Qh5 20. exf5 Rxf5 21. Ra3
Raf8 22. Qd1 Bxf3 23. Raxf3 Rxf3 24. gxf3 Nxf3+ 25. Rxf3 Rxf3 26. Qe1 Qg4+ 27.
Kh1 Rf6 28. Bc6 d5  0-1

[Event "M.Chigorin Memorial 2017 "]
[Site "?????-?????????"]
[Date "2017.10.25"]
[Round "5"]
[Board "40"]
[White "Remizov, Yaroslav"]
[Black "Sakaev, Konstantin"]
[Result "1/2-1/2"]
[WhiteElo "2306"]
[BlackElo "2594"]
[PlyCount "80"]
[EventDate "2017.10.21"]
[EventRounds "9"]
[EventCountry "RUS"]

1. e4 c5 2. Nf3 d6 3. d4 cxd4 4. Nxd4 Nf6 5. Nc3 a6 6. Bg5 Nbd7 7. Bc4 Qb6 8.
O-O Qxb2 9. Nd5 Nxd5 10. Rb1 Qc3 11. Bxd5 Nc5 12. Nb3 Nxb3 13. Rxb3 Qc7 14. Qb1
Rb8 15. Qb2 f6 16. Rc3 Qd8 17. Be3 b6 18. Rb1 e6 19. Bxb6 Qe7 20. Bc6+ Kf7 21.
Qc1 Kg6 22. Ba4 Bd7 23. Rc7 Bxa4 24. Rxe7 Bxe7 25. Be3 Kf7 26. Rxb8 Rxb8 27. f3
Rc8 28. c3 Bb5 29. h4 h5 30. Qc2 Rc4 31. Kh2 Ra4 32. Qb3 Rc4 33. Qc2 Ra4 34.
Qb3 Rc4 35. Qc2 Ra4 36. Qb3 Rc4 37. Qc2 Ra4 38. Qb3 Rc4 39. Qc2 Ra4 40. Qb3 Rc4
 1/2-1/2

[Event "M.Chigorin Memorial 2017 "]
[Site "?????-?????????"]
[Date "2017.10.25"]
[Round "5"]
[Board "41"]
[White "Nazaretyan, Tigran"]
[Black "Savchenko, Boris"]
[Result "0-1"]
[WhiteElo "2303"]
[BlackElo "2585"]
[PlyCount "124"]
[EventDate "2017.10.21"]
[EventRounds "9"]
[EventCountry "RUS"]

1. d4 e6 2. c4 b6 3. Nf3 Bb7 4. g3 d5 5. cxd5 exd5 6. Ne5 Bd6 7. Bg2 Nd7 8. Nc3
c6 9. Nxd7 Qxd7 10. O-O f5 11. Rb1 Nf6 12. b4 Ne4 13. Qb3 Qe6 14. b5 c5 15.
dxc5 Bxc5 16. e3 h5 17. Rd1 h4 18. Nxe4 fxe4 19. Qc3 O-O 20. Bb2 Rf7 21. Qe5
Qg4 22. Rd2 hxg3 23. Qxg3 Qe6 24. Kh1 Raf8 25. Rg1 Qh6 26. Be5 Be7 27. Bh3 Bh4
28. Qg6 Qxg6 29. Rxg6 Kh7 30. Rg4 g5 31. Rg2 Bxf2 32. Bd4 Rf3 33. Rxg5 Bxe3 34.
Rg7+ Kh6 35. Rxb7 Bxd2 36. Bg7+ Kg6 37. Bxf8 Rxh3 38. Rxa7 e3 39. Kg2 Rh8 40.
Bd6 e2 41. Bg3 e1=Q 42. Bxe1 Bxe1 43. Rd7 Rf8 44. Rxd5 Rf2+ 45. Kh3 Ba5 46. a3
Rf5 47. Rd3 Rc5 48. Rg3+ Kh5 49. Kg2 Rg5 50. Rxg5+ Kxg5 51. Kg3 Be1+ 52. Kf3
Kh4 53. Kg2 Kg4 54. a4 Bh4 55. Kf1 Kf3 56. a5 bxa5 57. b6 Bf6 58. b7 Be5 59.
Ke1 Ke3 60. Kd1 Kd3 61. Kc1 Kc3 62. Kb1 Kb3  0-1

[Event "M.Chigorin Memorial 2017 "]
[Site "?????-?????????"]
[Date "2017.10.25"]
[Round "5"]
[Board "42"]
[White "Lintchevski, Daniil"]
[Black "Borisovsky, Dmitry"]
[Result "1-0"]
[WhiteElo "2560"]
[BlackElo "2304"]
[PlyCount "103"]
[EventDate "2017.10.21"]
[EventRounds "9"]
[EventCountry "RUS"]

1. d4 Nf6 2. c4 g6 3. Nc3 d5 4. Bf4 Bg7 5. e3 O-O 6. Rc1 Be6 7. c5 Nc6 8. h3
Ne4 9. Nf3 Bf5 10. Bb5 Nxc3 11. Rxc3 Be4 12. O-O Bxf3 13. Qxf3 a6 14. Ba4 e5
15. Bxc6 bxc6 16. Bxe5 Bxe5 17. dxe5 Re8 18. Qf6 Qxf6 19. exf6 Reb8 20. b3 Rb4
21. Rd1 Kf8 22. f3 Rab8 23. e4 dxe4 24. Rd7 exf3 25. Rxf3 Rc8 26. Rfd3 Re4 27.
Rd8+ Rxd8 28. Rxd8+ Re8 29. Rd7 Re6 30. Rxc7 Rxf6 31. Ra7 g5 32. Rxa6 Ke7 33.
b4 Rf4 34. Rb6 Kd7 35. a4 Rc4 36. Rb7+ Ke6 37. a5 f5 38. Kh2 h5 39. a6 Rc2 40.
Rc7 Kd5 41. Rh7 Kc4 42. Rxh5 Kxb4 43. Rxg5 Rxc5 44. h4 Ra5 45. h5 Rxa6 46. Rxf5
c5 47. g4 c4 48. Kg3 c3 49. Rf1 Kc4 50. g5 Kd5 51. h6 Rg6 52. Kg4  1-0

[Event "M.Chigorin Memorial 2017 "]
[Site "?????-?????????"]
[Date "2017.10.25"]
[Round "5"]
[Board "43"]
[White "Martynyuk, Elizaveta"]
[Black "Mirzoev, Azer"]
[Result "1/2-1/2"]
[WhiteElo "2302"]
[BlackElo "2555"]
[PlyCount "222"]
[EventDate "2017.10.21"]
[EventRounds "9"]
[EventCountry "RUS"]

1. e4 c6 2. Nc3 d5 3. d4 dxe4 4. Nxe4 Nd7 5. Nf3 Ngf6 6. Bd3 Nxe4 7. Bxe4 Nf6
8. Bd3 Bg4 9. c3 e6 10. h3 Bh5 11. Bf4 Qb6 12. Rb1 Be7 13. O-O O-O 14. Be5 Rfd8
15. Qe2 c5 16. Qe3 Nd5 17. Qe4 Bg6 18. Qe2 Bxd3 19. Qxd3 cxd4 20. Bxd4 Qa5 21.
a3 Rac8 22. Qe4 Qc7 23. Rbd1 a6 24. Rfe1 Qf4 25. Qc2 Qc7 26. Qe4 b5 27. Ne5 Bf8
28. Rd3 Nf6 29. Qh4 Rd5 30. Rg3 Qd8 31. Ree3 Nd7 32. Qf4 Qf6 33. Qxf6 Nxf6 34.
Nd3 Ne8 35. Nb4 Rd6 36. Rd3 f6 37. Ba7 a5 38. Nc2 e5 39. Rxd6 Nxd6 40. Rd3 Nc4
41. Rd5 Nxb2 42. Rxb5 Nc4 43. a4 Rc7 44. Ne3 Nd6 45. Rxa5 Nc8 46. Bb8 Rxc3 47.
Rb5 Bc5 48. a5 Ne7 49. a6 Nc6 50. Kh2 h5 51. Bc7 Bd4 52. Nf5 Ra3 53. Nxd4 exd4
54. Rb6 Ne5 55. f4 Nc4 56. Rc6 Ne3 57. Bb6 Rxa6 58. Rc8+ Kh7 59. Bxd4 Nf5 60.
Rc4 Ra2 61. Bc5 Nh4 62. Kg3 Nf5+ 63. Kf3 Rb2 64. Bf2 Rb3+ 65. Ke2 Kg6 66. Rc2
Ne7 67. Rd2 Kf5 68. Be3 Ke6 69. Kf2 Nd5 70. Re2 Kf5 71. g3 Nc3 72. Re1 Nd5 73.
Kf3 Nb4 74. g4+ Kg6 75. Re2 Nc6 76. Kg2 Ne7 77. Bd2 Nd5 78. Rf2 Rd3 79. f5+ Kf7
80. gxh5 Ne7 81. h6 gxh6 82. Bxh6 Rd5 83. Bf4 Nxf5 84. Kf3 Ra5 85. Kg4 Kg6 86.
h4 Ng7 87. Re2 Ra4 88. Kf3 Nf5 89. Kg4 Ng7 90. Kf3 Kf5 91. Bg3 Ne6 92. Kg2 Ng7
93. Rf2+ Kg6 94. Rf3 Nh5 95. Kh3 Ng7 96. Rc3 Ne6 97. Re3 Ra6 98. Rd3 Ra2 99.
Re3 Kf7 100. Bd6 Ra4 101. Rf3 Re4 102. Bg3 Kg6 103. Bf2 f5 104. Re3 Nf4+ 105.
Kg3 Ra4 106. Kf3 Kf6 107. Bg3 Ne6 108. Rd3 f4 109. Bf2 Ke5 110. Rb3 Nd4+ 111.
Bxd4+ Rxd4  1/2-1/2

[Event "M.Chigorin Memorial 2017 "]
[Site "?????-?????????"]
[Date "2017.10.25"]
[Round "5"]
[Board "44"]
[White "Iljiushenok, Ilia"]
[Black "Smirnov, Timofey"]
[Result "0-1"]
[WhiteElo "2519"]
[BlackElo "2294"]
[PlyCount "76"]
[EventDate "2017.10.21"]
[EventRounds "9"]
[EventCountry "RUS"]

1. e4 e5 2. Nf3 Nc6 3. d4 exd4 4. Nxd4 Nf6 5. Nxc6 bxc6 6. e5 Qe7 7. Qe2 Nd5 8.
c4 Ba6 9. b3 g6 10. g3 Bg7 11. Bb2 O-O 12. Bg2 Rae8 13. O-O Nb6 14. Re1 f6 15.
e6 Qxe6 16. Qxe6+ Rxe6 17. Rxe6 dxe6 18. Nd2 e5 19. Bxc6 Rd8 20. Ne4 f5 21. Nc5
Bc8 22. Re1 Rd6 23. Bb7 e4 24. Bxg7 Kxg7 25. f3 exf3 26. Re7+ Kf6 27. Rxc7 Bxb7
28. Rxb7 Rd2 29. Rxa7 Nc8 30. Rc7 Nd6 31. Nd7+ Ke6 32. Nf8+ Ke5 33. Rc5+ Ke4
34. Rd5 Rxd5 35. cxd5 Ke3 36. Ne6 Ne4 37. d6 f2+ 38. Kg2 Nd2  0-1

[Event "M.Chigorin Memorial 2017 "]
[Site "?????-?????????"]
[Date "2017.10.25"]
[Round "5"]
[Board "45"]
[White "Vasilyev, Vasily"]
[Black "Kharchenko, Boris"]
[Result "0-1"]
[WhiteElo "2291"]
[BlackElo "2477"]
[PlyCount "112"]
[EventDate "2017.10.21"]
[EventRounds "9"]
[EventCountry "RUS"]

1. d4 d5 2. Nf3 Nf6 3. g3 Bf5 4. Bg2 c6 5. c4 e6 6. Nc3 Nbd7 7. Qb3 Qb6 8. c5
Qc7 9. Bf4 Qc8 10. Nh4 Bg6 11. O-O Be7 12. Rfe1 O-O 13. Nxg6 hxg6 14. e4 dxe4
15. Nxe4 Nxe4 16. Bxe4 Nf6 17. Bxg6 Nd5 18. Bc2 Nxf4 19. gxf4 Bf6 20. Qd3 g6
21. Re4 Kg7 22. Rae1 Rg8 23. Kh1 Qd8 24. Bb3 Rh8 25. Rg1 Rh6 26. Rg2 Qd7 27.
Bc4 Rah8 28. f3 Qc7 29. b4 Rh4 30. Qd2 R8h5 31. a4 Rf5 32. Rg4 Rh8 33. Qe3 Rfh5
34. Rg2 Rd8 35. Qd3 Kf8 36. b5 Bg7 37. Qe3 Qe7 38. Rg5 Rxg5 39. fxg5 Qd7 40.
Rf4 Kg8 41. d5 exd5 42. Bd3 Re8 43. Qf2 Qe7 44. Rg4 Qe5 45. Kg2 Qc3 46. Bf1 Re1
47. Rg3 Bd4 48. f4 Qa1 49. Qf3 Qb2+ 50. Kh3 Bf2 51. Qb3 Qh8+ 52. Kg2 Bxg3 53.
hxg3 Qd4 54. bxc6 bxc6 55. Qb8+ Kg7 56. Qd8 Qb2+  0-1

[Event "M.Chigorin Memorial 2017 "]
[Site "?????-?????????"]
[Date "2017.10.25"]
[Round "5"]
[Board "46"]
[White "Solozhenkin, Evgeniy"]
[Black "Evdokimov, Alexey"]
[Result "1/2-1/2"]
[WhiteElo "2459"]
[BlackElo "2280"]
[PlyCount "148"]
[EventDate "2017.10.21"]
[EventRounds "9"]
[EventCountry "RUS"]

1. d4 Nf6 2. c4 g6 3. Nc3 Bg7 4. e4 d6 5. Nf3 O-O 6. Be2 e5 7. O-O Nc6 8. d5
Ne7 9. b4 Nh5 10. a4 Nf4 11. Bxf4 exf4 12. Ra3 h6 13. a5 g5 14. h3 Ng6 15. Re1
Re8 16. Qc2 Ne5 17. Rd1 Qe7 18. c5 Nxf3+ 19. Bxf3 dxc5 20. d6 cxd6 21. Nd5 Qe5
22. Nc7 cxb4 23. Rad3 Be6 24. Qa4 Rec8 25. Nxa8 b3 26. Rxb3 Bxb3 27. Qxb3 Rxa8
28. Qxb7 Re8 29. Qxa7 Re7 30. Qb6 Qc5 31. e5 Rxe5 32. Qb8+ Bf8 33. a6 Re7 34.
Qb2 Bg7 35. Qd2 Be5 36. Rc1 Qb6 37. Qd3 Kg7 38. Rb1 Qd4 39. Qf5 Bf6 40. Qc2 d5
41. Qa2 Rd7 42. Rd1 Qb6 43. Bxd5 Bd4 44. Bf3 Re7 45. Qd2 Bc5 46. Qc3+ Kg8 47.
Qc2 Re5 48. Qa2 Re7 49. Bb7 Kg7 50. Qa1+ Kh7 51. Qa2 Kg7 52. Qd2 Qf6 53. Rb1
Qd4 54. Qc2 Rd7 55. Bf3 Qe5 56. Rc1 Ba7 57. Bb7 Qd4 58. Re1 Qd2 59. Re2 Qxc2
60. Rxc2 Rd1+ 61. Kh2 Rf1 62. Bd5 Rd1 63. Bxf7 Kxf7 64. Rc7+ Kg6 65. Rxa7 Ra1
66. Ra8 Kg7 67. g4 fxg3+ 68. Kxg3 Ra3+ 69. f3 Kg6 70. a7 Kh5 71. h4 gxh4+ 72.
Kg2 Ra2+ 73. Kh3 Ra3 74. Kg2 Ra2+  1/2-1/2

[Event "M.Chigorin Memorial 2017 "]
[Site "?????-?????????"]
[Date "2017.10.25"]
[Round "5"]
[Board "47"]
[White "Malakhov, Igor"]
[Black "Murzin, Volodar"]
[Result "1/2-1/2"]
[WhiteElo "2446"]
[BlackElo "2270"]
[PlyCount "109"]
[EventDate "2017.10.21"]
[EventRounds "9"]
[EventCountry "RUS"]

1. Nf3 Nf6 2. c4 g6 3. d4 Bg7 4. g3 O-O 5. Bg2 d6 6. O-O Nc6 7. d5 Na5 8. Nfd2
c5 9. Nc3 a6 10. Qc2 Rb8 11. Rb1 Qc7 12. b3 b5 13. Bb2 b4 14. Nd1 e5 15. f4 Ne8
16. e4 f5 17. Ne3 exf4 18. gxf4 Bd4 19. Rbe1 Qg7 20. Ba1 fxe4 21. Nxe4 Bf5 22.
Bxd4 Qxd4 23. Kh1 Bxe4 24. Qxe4 Qxe4 25. Bxe4 Nf6 26. Bd3 Kf7 27. f5 g5 28. Rg1
Rbe8 29. Rxg5 Re5 30. Kg2 Rfe8 31. Kf2 Nb7 32. Ng2 Rxe1 33. Nxe1 a5 34. Ng2 Re4
35. Ne3 Rh4 36. Rg2 Nh5 37. Bc2 Rf4+ 38. Ke1 Nf6 39. Re2 Nd8 40. Ng2 Rd4 41.
Rd2 Rxd2 42. Kxd2 Ng4 43. Nf4 Nf6 44. Ke3 Kg7 45. Ne6+ Nxe6 46. fxe6 Ng8 47.
Kf4 h6 48. Kg4 Ne7 49. Kh4 Kf6 50. Kh5 Kg7 51. Bd1 Ng8 52. Kh4 Ne7 53. Bh5 Kf6
54. Bf7 Kg7 55. Kg4  1/2-1/2

[Event "M.Chigorin Memorial 2017 "]
[Site "?????-?????????"]
[Date "2017.10.25"]
[Round "5"]
[Board "48"]
[White "Salman, Pavel"]
[Black "Bodnaruk, Anastasia"]
[Result "0-1"]
[WhiteElo "2260"]
[BlackElo "2432"]
[PlyCount "52"]
[EventDate "2017.10.21"]
[EventRounds "9"]
[EventCountry "RUS"]

1. d4 Nf6 2. c4 e6 3. g3 c5 4. d5 exd5 5. cxd5 d6 6. Nc3 g6 7. Bg2 Bg7 8. Nf3
O-O 9. O-O Re8 10. Bf4 h6 11. Qc1 g5 12. Bd2 Bf5 13. h4 g4 14. Nh2 h5 15. Bg5
Nbd7 16. Qf4 Bg6 17. f3 Qb6 18. Rac1 Nh7 19. fxg4 Nxg5 20. Qxg5 Bd4+ 21. Kh1
Be3 22. Rf4 Re5 23. Qh6 Bxc1 24. Nf3 Qxb2 25. Nxe5 Nxe5 26. Ne4 Nxg4  0-1

[Event "M.Chigorin Memorial 2017 "]
[Site "?????-?????????"]
[Date "2017.10.25"]
[Round "5"]
[Board "49"]
[White "Chukavin, Kirill"]
[Black "Nechaeva, Marina"]
[Result "1-0"]
[WhiteElo "2256"]
[BlackElo "2431"]
[PlyCount "85"]
[EventDate "2017.10.21"]
[EventRounds "9"]
[EventCountry "RUS"]

1. e4 c5 2. Nf3 d6 3. d4 cxd4 4. Nxd4 Nf6 5. Nc3 a6 6. h3 e5 7. Nde2 h5 8. g3
Be6 9. Bg2 Nbd7 10. a4 Be7 11. a5 b5 12. axb6 Nxb6 13. Bg5 Qd7 14. f4 Qb7 15.
b3 O-O 16. O-O Rfd8 17. f5 Bd7 18. Qd2 Bc6 19. Bxf6 Bxf6 20. Nd5 Bxd5 21. exd5
Rdc8 22. Ra2 a5 23. Nc3 a4 24. Rb1 axb3 25. Rxa8 Qxa8 26. cxb3 Qa7 27. Kh2 h4
28. g4 e4 29. Nxe4 Be5+ 30. Kh1 Qa3 31. f6 Nxd5 32. fxg7 Nf4 33. Nf6+ Kxg7 34.
Nh5+ Nxh5 35. gxh5 Rc3 36. Qg5+ Kh8 37. Qh6+ Kg8 38. Qg5+ Kh8 39. Qh6+ Kg8 40.
Qg5+ Bg7 41. h6 Rg3 42. Qd8+ Bf8 43. h7+  1-0

[Event "M.Chigorin Memorial 2017 "]
[Site "?????-?????????"]
[Date "2017.10.25"]
[Round "5"]
[Board "50"]
[White "Vlasenko, Miroslav"]
[Black "Grinblat, Artemiy"]
[Result "1-0"]
[WhiteElo "2423"]
[BlackElo "2268"]
[PlyCount "63"]
[EventDate "2017.10.21"]
[EventRounds "9"]
[EventCountry "RUS"]

1. d4 e6 2. c4 Nf6 3. Nc3 c5 4. d5 exd5 5. cxd5 d6 6. e4 g6 7. Nf3 Bg7 8. Be2
Bg4 9. O-O O-O 10. Bf4 Re8 11. Qc2 Na6 12. h3 Bxf3 13. Bxf3 Nc7 14. Rab1 b5 15.
a4 Rb8 16. b4 cxb4 17. Nxb5 Nxb5 18. axb5 Rxb5 19. Qa4 Qb6 20. Be3 Qa5 21. Qxa5
Rxa5 22. Rxb4 Ra2 23. Rfb1 a5 24. Rb8 Rf8 25. e5 Nd7 26. Rxf8+ Bxf8 27. e6 Nc5
28. Bh6 fxe6 29. dxe6 Bxh6 30. e7 Kf7 31. Re1 Ne6 32. Rxe6  1-0

[Event "M.Chigorin Memorial 2017 "]
[Site "?????-?????????"]
[Date "2017.10.25"]
[Round "5"]
[Board "51"]
[White "Marinskii, Yurii"]
[Black "Liu, Yan"]
[Result "0-1"]
[WhiteElo "2238"]
[BlackElo "2422"]
[PlyCount "140"]
[EventDate "2017.10.21"]
[EventRounds "9"]
[EventCountry "RUS"]

1. e4 c5 2. Nc3 Nc6 3. g3 g6 4. Bg2 Bg7 5. d3 d6 6. f4 e6 7. Nf3 Nge7 8. O-O
O-O 9. h3 Rb8 10. a4 b6 11. g4 f5 12. Ne2 Bb7 13. Ng5 Qd7 14. gxf5 exf5 15. Ng3
h6 16. Nf3 Nd4 17. Nh4 Bf6 18. Nf3 Nxf3+ 19. Qxf3 Bh4 20. Nh1 Kh7 21. Qd1 Qe6
22. Qf3 Qf7 23. Bd2 Rbe8 24. Qd1 Ng8 25. exf5 Bxg2 26. Kxg2 Qxf5 27. Ng3 Bxg3
28. Kxg3 Ne7 29. Qf3 Qf7 30. Kh2 Nf5 31. Bc3 Re3 32. Qf2 Rfe8 33. Rfe1 Qe6 34.
Bd2 Re2 35. Rxe2 Qxe2 36. Kg2 Nd4 37. Re1 Qxf2+ 38. Kxf2 Rxe1 39. Bxe1 Nxc2 40.
Bc3 d5 41. Kf3 Kg8 42. Be5 Kf7 43. Bb8 Nd4+ 44. Ke3 Nc6 45. Bd6 Ke6 46. Bf8 h5
47. Bh6 Kf5 48. Bg5 Nb4 49. Kd2 Nc6 50. Ke3 Nd4 51. Be7 Ke6 52. Bg5 Nf5+ 53.
Kf3 a6 54. Bd8 b5 55. axb5 axb5 56. Ke2 c4 57. Kd2 d4 58. Bb6 Kd5 59. Ba7 Ng7
60. dxc4+ bxc4 61. Kc2 Ne6 62. Bb8 Ke4 63. b4 cxb3+ 64. Kxb3 Nxf4 65. h4 Ng2
66. Bg3 Kf3 67. Be5 d3 68. Bf6 d2 69. Kc2 Ke2 70. Bg5 d1=Q+  0-1

[Event "M.Chigorin Memorial 2017 "]
[Site "?????-?????????"]
[Date "2017.10.25"]
[Round "5"]
[Board "52"]
[White "Korennoi, Viktor"]
[Black "Faizrakhmanov, Ramil"]
[Result "1/2-1/2"]
[WhiteElo "2227"]
[BlackElo "2421"]
[PlyCount "90"]
[EventDate "2017.10.21"]
[EventRounds "9"]
[EventCountry "RUS"]

1. d4 Nf6 2. c4 e6 3. Nc3 Bb4 4. Qc2 d6 5. Nf3 Nbd7 6. g3 O-O 7. Bg2 e5 8. dxe5
dxe5 9. a3 Be7 10. O-O c6 11. Rd1 Qc7 12. b3 Re8 13. Bb2 Bf8 14. e3 a5 15. Nd2
Nc5 16. Nde4 Nfxe4 17. Nxe4 Nxe4 18. Bxe4 g6 19. Qc3 Bg4 20. Rd2 Rad8 21. Rxd8
Rxd8 22. Bg2 f6 23. h3 Be6 24. Bf1 a4 25. b4 Qd7 26. g4 h5 27. Be2 Qd2 28. Kf1
hxg4 29. hxg4 c5 30. bxc5 Qxc3 31. Bxc3 Bxc5 32. g5 fxg5 33. Bxe5 Rc8 34. Rb1
Bxa3 35. Rxb7 Bxc4 36. Bxc4+ Rxc4 37. Rg7+ Kf8 38. Rxg6 Be7 39. Ra6 Kf7 40. Ke2
a3 41. Kd3 Rc1 42. Ke4 Rf1 43. Ra7 Ke6 44. Ra6+ Kf7 45. Ra7 Ke6  1/2-1/2